L'ame et le système nerveux (Record no. 64631)
[ view plain ]
| 000 -LEADER | |
|---|---|
| campo de control de longitud fija | 00498nam a2200157 i 4500 |
| 001 - NÚMERO DE CONTROL | |
| campo de control | 64631 |
| 003 - IDENTIFICADOR DE NÚMERO DE CONTROL | |
| campo de control | ES-MaACL |
| 005 - FECHA Y HORA DE LA ÚLTIMA TRANSACCIÓN | |
| campo de control | 20230906165156.0 |
| 007 - CAMPO FIJO DE DESCRIPCIÓN FÍSICA--INFORMACIÓN GENERAL | |
| campo de control de longitud fija | t| |
| 008 - DATOS DE LONGITUD FIJA--INFORMACIÓN GENERAL | |
| campo de control de longitud fija | 031230s1906 fr ||||1| fre d |
| 100 1# - ENTRADA PRINCIPAL--NOMBRE DE PERSONA | |
| Nombre de persona | Forel, Auguste. |
| 9 (RLIN) | 51718 |
| 245 12 - MENCIÓN DEL TÍTULO | |
| Título | L'ame et le système nerveux |
| Resto del título | : hygiène et pathologie / |
| Mención de responsabilidad, etc. | par Auguste Forel. |
| 260 ## - PUBLICACIÓN, DISTRIBUCIÓN, ETC. | |
| Lugar de publicación, distribución, etc. | París : |
| Nombre del editor, distribuidor, etc. | G. Steinhel, |
| Fecha de publicación, distribución, etc. | 1906 ( |
| Lugar de fabricación/manufactura | Tours : |
| Fabricante | E. Arrault et Cie) |
| 300 ## - DESCRIPCIÓN FÍSICA | |
| Extensión | 334 p., 2 lám. ; |
| Dimensiones | 23 cm. |
| 852 ## - LOCALIZACIÓN | |
| Ubicación | ES-MaACL |
| Número de control de estantería | R-3146 |
| Encuadernación | Olim:F-1890 |
| Estatus retirado | Estado de pérdida | Estado de daño | No para préstamo | Biblioteca de origen | Biblioteca actual | Ubicación en estantería | Fecha de adquisición | Fuente de adquisición | Total de préstamos | Signatura topográfica completa | Código de barras | Visto por última vez | Precio de reemplazo | Tipo de ítem Koha |
|---|---|---|---|---|---|---|---|---|---|---|---|---|---|---|
| Biblioteca del Ateneo de Madrid | Biblioteca del Ateneo de Madrid | Depósito | 17/01/2008 | R-3146 | 1067724 | 23/02/2023 | 23/02/2023 | Libro impreso |
